000 00851nas a2200277 4500
001 BR0807220
003 BR-BrBNA
005 20231205112221.0
007 ta
008 230509b bl.|||p| |||| 00| 00por d
040 _aBR-BrBNA
_bpor
_cBiblioteca Nacional de Agricultura
041 _a(Pt)
072 _aH10; F70
100 1 _aPanisson, E
100 1 _aReis, E.M.
100 1 _aBoller, W.
245 1 _aQualificação de dados causados pela giberela em cereais de inverno na safra 2000, em Passo Fundo, RS
650 _aCEREAL
650 _aFUNGO
650 _aPRAGA DE PLANTA
650 _aDISTRIBUIÇÃO GEOGRÁFICA
650 _aRIO GRANDE DO SUL
773 0 _tFitopatologia Brasileira (Brazil)
_xISSN 0100-4158
_g(Mar-Apr 2003), v. 28(2) p. 189-192
_wBR0807220
909 _a202311
_bLúcia
_c55
_dLúcia Elande
942 _2AGRIS
_n0
_cANA
999 _c196783
_d196783